000 00609nam a2200229Ia 4500
003 OSt
005 20220918211812.0
006 a|||||r|||| 00| 0
007 ta
008 220917b |||||||| |||| 00| 0 eng d
024 _a125,641
037 _cTextual
040 _aARTS
_cARTS
_beng
041 _2eng
_aeng
082 _aW:9150X:9, G4
100 _aBraatoy Bjarne
_9121392
245 0 _aLabour and war
_b the theory of labour action to prevent war
260 _c1934
650 _aPOLITICAL SCIENCE
942 _hW:9150X:9, G4
_cTEXL
_2CC
999 _c248789
_d248789